|
|
|
|
| LEADER |
01630nam a2200373 a 4500 |
| 001 |
14101330 |
| 003 |
BD-DhAAL |
| 005 |
20250409124838.0 |
| 008 |
090720s2005 ii a b 001 0 eng d |
| 010 |
|
|
|a 2005385957
|
| 020 |
|
|
|a 8190279203
|
| 040 |
|
|
|a DLC
|c DLC
|d BD-DhAAL
|
| 082 |
0 |
0 |
|a 614/.0954
|2 22
|
| 100 |
1 |
|
|a Gupta, J. P.,
|c Dr.
|9 57942
|
| 245 |
1 |
0 |
|a Contemporary public health :
|b policy, planning, management /
|c J.P. Gupta, A.K. Sood.
|
| 246 |
3 |
0 |
|a Public health
|
| 250 |
|
|
|a First edition.
|
| 260 |
|
|
|a New Delhi :
|b Apothecaries Foundation ;
|b Distributed by Sheriden Book Co.,
|c 2005.
|
| 300 |
|
|
|a 1 v. (various paging's) :
|b illustrations ;
|c 29 cm.
|
| 504 |
|
|
|a Includes bibliographical references and index.
|
| 520 |
|
|
|a With reference to India.
|
| 526 |
|
|
|x Salim khan
Sr. program Associate
James P. Grant School.
Course name and no. N/A
|
| 541 |
1 |
|
|a A H Development publishing house
|e 00018497
|
| 650 |
|
0 |
|a Public health
|z India.
|9 41706
|
| 650 |
|
0 |
|a Medical care
|z India.
|9 10324
|
| 650 |
|
0 |
|a Health planning
|z India.
|9 57943
|
| 650 |
|
0 |
|a Medical policy
|z India.
|9 41707
|
| 650 |
|
0 |
|a Birth control
|z India.
|
| 700 |
1 |
|
|a Sood, A. K.,
|c Prof.
|9 57944
|
| 710 |
2 |
|
|a Apothecaries Foundation (New Delhi, India)
|9 57945
|
| 852 |
4 |
|
|a School of Public Health
|j General Shelf.
|
| 942 |
|
|
|2 ddc
|c BK
|
| 999 |
|
|
|c 2572
|d 2572
|
| 952 |
|
|
|0 0
|1 0
|2 ddc
|4 0
|6 614_095400000000000_GUP
|7 0
|9 2343
|a JPGSPH
|b JPGSPH
|d 2009-04-29
|e A H Development Publishing House.
|g 4500.00
|l 0
|o 614.0954 GUP
|p 3060018497
|r 2009-07-21
|t 1
|w 2009-07-21
|y BK
|x Requisitioned by Salim khan, Sr. program Associate, James P. Grant School. Course name and no. N/A
|